000 00444nam a2200121Ia 4500
008 160712s9999 xx 000 0 und d
100 _aAvila, Ronita M.
245 _cRonita M. Avila, Lourdes R. Baetiong
_aMetacognitive Strategy Training and Teacher Attitude and Performance
260 _c2012
_bEducation Quarterly
300 _avol. 70 no. 1
650 _xEDUCATION
856 _uhttp://journals.upd.edu.ph/index.php/edq/article/view/3394/3156
999 _c297411
_d297411